| 000 | 00981nam a22002177a 4500 | ||
|---|---|---|---|
| 005 | 20110511104316.0 | ||
| 010 | _aB-425577 | ||
| 020 |
_a0195635760 _c395.00 |
||
| 020 |
_a9780195635768 _c395.00 |
||
| 035 | _aB-425577 | ||
| 037 | _bRBC/VEN | ||
| 082 | _a809.891724 | ||
| 100 |
_aAijaz Ahmad. _928126 |
||
| 245 |
_aIn theory : _bclasses, nations, literatures / _cAijaz Ahmad. |
||
| 260 |
_aNew Delhi _bOxford University Press _c2010 |
||
| 300 |
_aviii, 338 p.; _c23 cm.(pbk) |
||
| 500 | _aIncludes bibliographical references (p. 319-343) and index. | ||
| 942 |
_2ddc _cEN _h809.891724 _mAIZ |
||
| 999 |
_c52342 _d52342 |
||